000 01168cam a2200313 i 4500
001 30773
003 Mx-PuUPA
005 20231020111505.0
008 140415s1995 mx a gr 000 0 spa d
020 _a968132871X
040 _cMx-PuUPA
_aMx-PuUPA
_bspa
_dMx-PuUPA
_erda
041 0 _aspa
100 1 _aVerti, Sebastián,
_915020
_eautor
245 1 3 _aLa verdadera historia de las apariciones de la Virgen de Guadalupe /
_cSebastián Verti
250 _aPrimera edición /
_bnoviembre
264 1 _aMéxico, D.F. :
_bEditorial Diana,
_c1995
300 _a182 páginas, 8 láminas (sin paginación) :
_bilustraciones (a color) ;
_c23 cm
336 _2rdacontent
_atexto
_btxt
337 _2rdamedia
_asin medio
_bn
338 _2rdacarrier
_avolumen
_bnc
500 _a"Recuerdo de nuestra Básilica de Guadalupe". -- Cubierta
600 0 4 _aNuestra Señora de Guadalupe
_xCultor
600 0 4 _aVirgen de Guadalupe
_xApariciones y milagros
650 7 _2armarc
_aNacionalismo
_xAspectos religiosos
651 4 _aMéxico
_xVida social y costumbres
942 _2ddc
_cLI
_h232.9170972
_iV473
999 _c30773
_d30773